[Event "SZCZYRK OPEN - TURNIEJ Z OKAZJI SWIETA NIEPODLEGLOSCI - BLITZ 3'+2'' "]
[Site "Szczyrk"]
[Date "2018-11-11"]
[Round "6.54"]
[White "Sulkowski, Dawid "]
[Black "Michno, Mateusz"]
[Result "1-0"]
[WhiteTitle ""]
[BlackTitle ""]
[WhiteElo "1295"]
[BlackElo "1163"]

1. e4 c5 2. Nf3 e6 3. d4 cxd4 4. Nxd4 Nc6 5. Nc3 Nxd4 6. Qxd4 d6 7. Be3 Nf6 8.
Be2 Be7 9. O-O O-O 10. h3 b6 11. Rad1 Bb7 12. f3 Rc8 13. Bf2 e5 14. Qd2 Qc7 15.
a3 Rfd8 16. Qe3 d5 17. exd5 Nxd5 18. Nxd5 Bxd5 19. Bd3 h6 20. Rfe1 Bc5 21. Qe2
Bxf2+ 22. Qxf2 Bc4 23. Bxc4 Qxc4 24. Rxd8+ Rxd8 25. Rxe5 Rc8 26. c3 Qb3 27. Qe2
Qa4 28. Re7 Kf8 29. Kf2 Re8 30. Rxe8+ Qxe8 31. Qxe8+ Kxe8 32. Ke3 Ke7 33. Ke4
Ke6 34. c4 a6 35. b4 g6 36. f4 f5+ 37. Kd4 h5 38. h4 Kd6 39. a4 Ke6 40. c5 bxc5+
41. bxc5 a5 42. Kc4 Kd7 43. Kb5 Kc7 44. Kxa5 Kc6 45. Kb4 Kd5 46. a5 Ke4 47. g3
Kf3 48. a6 Kxg3 49. a7 Kxf4 50. a8=Q Kg4 51. Qg2+ Kxh4 52. Qxg6 f4 53. Qg2 f3
54. Qxf3 Kg5 55. c6 h4 56. c7 h3 57. Qxh3 Kf6 58. Qe3 Kf5 59. c8=R Kf6 60. Rf8+
Kg7 61. Rf1 Kg6 62. Qg3+ Kh5 63. Rh1# 1-0

[Event "SZCZYRK OPEN - TURNIEJ Z OKAZJI SWIETA NIEPODLEGLOSCI - BLITZ 3'+2'' "]
[Site "Szczyrk"]
[Date "2018-11-11"]
[Round "6.55"]
[White "Nagly, Wojciech"]
[Black "Grzadka, Artur "]
[Result "0-1"]
[WhiteTitle ""]
[BlackTitle ""]
[WhiteElo "1167"]
[BlackElo "1287"]

1. d4 Nf6 2. c4 e6 3. Nc3 Bb4 4. e3 O-O 5. a3 Bxc3+ 6. bxc3 b6 7. Be2 Bb7 8. Nf3
d5 9. O-O Nbd7 10. Qc2 c5 0-1

[Event "SZCZYRK OPEN - TURNIEJ Z OKAZJI SWIETA NIEPODLEGLOSCI - BLITZ 3'+2'' "]
[Site "Szczyrk"]
[Date "2018-11-11"]
[Round "6.56"]
[White "Filipek, Justyna "]
[Black "Jozefczyk, Szymon"]
[Result "0-1"]
[WhiteTitle ""]
[BlackTitle ""]
[WhiteElo "1160"]
[BlackElo "1274"]

1. e4 c5 2. Nf3 d6 3. d4 cxd4 4. Nxd4 Nf6 5. Nc3 a6 6. Bd3 e5 7. Nf3 Qc7 8. h3
Be7 9. a3 b5 10. Bd2 Bb7 11. O-O Nbd7 12. Qe2 Nc5 13. Be3 O-O 14. Bxc5 Qxc5 15.
Rfe1 Rac8 16. Qe3 Qxe3 17. Rxe3 Rc7 18. Ree1 Rfc8 19. Rac1 Nd7 20. Nd5 Bxd5 21.
exd5 Nc5 22. Be4 Nxe4 23. Rxe4 Rxc2 24. Rxc2 Rxc2 25. b3 Rc3 26. Rb4 Bd8 27. Nd2
Ba5 28. Ne4 Bxb4 29. Nxc3 Bxc3 30. a4 bxa4 31. bxa4 f5 32. Kf1 Kf7 33. Ke2 Ke7
34. Kd3 Bd4 35. f3 Kd7 36. Kc4 Kc7 37. Kb4 Kb6 38. a5+ Kc7 39. Kc4 Kd7 40. Kd3
Ke7 41. g4 Kf6 42. h4 fxg4 43. fxg4 h5 44. gxh5 Kf5 45. Ke2 Kg4 46. Kf1 Kxh5 47.
Kg2 Kxh4 48. Kf3 Kg5 49. Kg3 Bc3 50. Kf3 Bxa5 51. Kg3 Bc3 52. Kf3 a5 53. Ke4 a4
0-1

[Event "SZCZYRK OPEN - TURNIEJ Z OKAZJI SWIETA NIEPODLEGLOSCI - BLITZ 3'+2'' "]
[Site "Szczyrk"]
[Date "2018-11-11"]
[Round "6.57"]
[White "Majdecka, Nikola "]
[Black "Rzasa, Dominik "]
[Result "0-1"]
[WhiteTitle ""]
[BlackTitle ""]
[WhiteElo "1267"]
[BlackElo "1159"]

1. e4 e6 2. d4 d5 3. e5 c5 4. Nf3 Nc6 5. Be3 cxd4 6. Nxd4 Nxe5 7. Nc3 Bd7 8. Be2
Nc6 9. O-O Nf6 10. Nxc6 Bxc6 11. Qd4 Be7 12. Rad1 O-O 13. Qf4 Bd6 14. Qh4 Re8
15. Bg5 Be7 16. Qg3 Nd7 17. Bf4 Bh4 18. Qh3 e5 19. Bg3 Bxg3 20. Qxg3 Nf6 21. Bf3
0-1

[Event "SZCZYRK OPEN - TURNIEJ Z OKAZJI SWIETA NIEPODLEGLOSCI - BLITZ 3'+2'' "]
[Site "Szczyrk"]
[Date "2018-11-11"]
[Round "6.58"]
[White "Zablocka, Marta"]
[Black "Lewicka, Joanna"]
[Result "1-0"]
[WhiteTitle ""]
[BlackTitle ""]
[WhiteElo "1153"]
[BlackElo "1260"]

1. e4 e5 2. Nf3 Nc6 3. d4 exd4 4. Nxd4 Nf6 5. Bg5 Be7 6. Nxc6 bxc6 7. f3 O-O 8.
Bc4 d5 9. exd5 cxd5 10. Bxf6 dxc4 11. Qxd8 Bxd8 12. Bxd8 Rxd8 13. O-O Rd2 14.
Nxd2 Be6 15. Ne4 Rb8 16. b3 cxb3 17. axb3 Ra8 18. Nc5 Bf5 19. c3 a6 20. b4 Bd3
21. Nxa6 Bxf1 22. Nxc7 1-0

[Event "SZCZYRK OPEN - TURNIEJ Z OKAZJI SWIETA NIEPODLEGLOSCI - BLITZ 3'+2'' "]
[Site "Szczyrk"]
[Date "2018-11-11"]
[Round "6.59"]
[White "Krzysztynska, Maria"]
[Black "Zaborski, Igor "]
[Result "0-1"]
[WhiteTitle ""]
[BlackTitle ""]
[WhiteElo "1146"]
[BlackElo "1255"]

1. e4 c6 2. d4 d5 3. exd5 cxd5 4. Nc3 Nc6 5. Nf3 Bg4 6. h3 Bh5 7. g4 Bg6 8. Bf4
a6 9. Qd2 e6 10. O-O-O b5 11. h4 h5 12. gxh5 Bxh5 13. Be2 Nf6 14. Ng5 Bxe2 15.
Qxe2 Bd6 16. Bg3 Qc7 17. Rhg1 Rf8 18. Kb1 O-O-O 19. a4 b4 20. Qxa6+ Qb7 21. Qxb7+
Kxb7 22. Nb5 Bxg3 23. fxg3 Na7 24. Nxa7 Kxa7 25. b3 Rc8 26. Rc1 Rc7 27. Nf3 Ne4
28. g4 Rc3 29. Ne5 Rc7 30. g5 Rh8 31. Rh1 f6 32. Ng6 Rh5 33. Nf8 fxg5 34. hxg5
Rxh1 35. Rxh1 Nxg5 36. Re1 Rc6 37. Nd7 Ne4 38. Nf8 g5 39. Nh7 g4 40. Nf8 g3 41.
Rg1 Rc3 42. Nh7 Rf3 43. Nf8 Rf2 44. Nxe6 g2 45. Nf4 0-1

[Event "SZCZYRK OPEN - TURNIEJ Z OKAZJI SWIETA NIEPODLEGLOSCI - BLITZ 3'+2'' "]
[Site "Szczyrk"]
[Date "2018-11-11"]
[Round "6.60"]
[White "Jagodzinski, Jaromir "]
[Black "Lokaj, Bartlomiej"]
[Result "1-0"]
[WhiteTitle ""]
[BlackTitle ""]
[WhiteElo "1141"]
[BlackElo "1252"]

1. d4 Nf6 2. e3 e6 3. Bd3 d5 4. f4 Be7 5. Nf3 O-O 6. O-O c5 7. c3 Nc6 8. Ne5 cxd4
9. exd4 Bd6 10. Rf3 Bxe5 11. fxe5 Ne4 12. Nd2 Nxd2 13. Bxd2 f5 14. exf6 Rxf6 15.
Rh3 h6 16. Rg3 e5 17. dxe5 Nxe5 18. Bc2 1-0

[Event "SZCZYRK OPEN - TURNIEJ Z OKAZJI SWIETA NIEPODLEGLOSCI - BLITZ 3'+2'' "]
[Site "Szczyrk"]
[Date "2018-11-11"]
[Round "6.61"]
[White "Zmuda, Piotr "]
[Black "Gradzki, Artur "]
[Result "1-0"]
[WhiteTitle ""]
[BlackTitle ""]
[WhiteElo "1250"]
[BlackElo "1128"]

1. Nf3 d5 2. c4 e6 3. cxd5 exd5 4. Nc3 Nf6 5. d4 Nc6 6. Bg5 Bb4 7. e3 a6 8. Be2
h6 9. Bxf6 Qxf6 10. O-O Bxc3 11. bxc3 Qg6 12. Re1 Bh3 13. g3 O-O 14. Bd3 Qf6 15.
e4 Bg4 16. Kg2 dxe4 17. Rxe4 Rfe8 18. Rxg4 Rad8 19. Rf4 Qe7 20. Qb3 Rb8 21. Bc4
Na5 22. Bxf7+ Kh8 23. Qc2 Rf8 24. Bb3 Rxf4 25. gxf4 Nxb3 26. axb3 Qf7 27. Qd2
Rd8 28. Re1 c5 29. Ne5 Qf5 30. Qe3 cxd4 31. cxd4 Re8 32. Qe4 Qf6 33. Re3 Kg8 34.
Rg3 Kh8 35. Ng6+ Kg8 36. Qxe8+ 1-0

[Event "SZCZYRK OPEN - TURNIEJ Z OKAZJI SWIETA NIEPODLEGLOSCI - BLITZ 3'+2'' "]
[Site "Szczyrk"]
[Date "2018-11-11"]
[Round "6.62"]
[White "Szwacinska, Wiktoria "]
[Black "Ochalik, Filip "]
[Result "0-1"]
[WhiteTitle ""]
[BlackTitle ""]
[WhiteElo "1117"]
[BlackElo "1247"]

1. e4 c5 2. Nc3 Nc6 3. Nf3 g6 4. Bc4 Bg7 5. d3 d6 6. Be3 Bg4 7. h3 Bxf3 8. Qxf3
Nf6 9. O-O O-O 10. Ne2 Ne5 11. Qg3 Nxc4 12. dxc4 Qc7 13. f4 Nxe4 14. Qe1 Bxb2
15. Rb1 Bg7 16. f5 a6 17. fxg6 fxg6 18. Rxf8+ Rxf8 19. Ng3 Nxg3 20. Qxg3 Qd7 21.
Re1 Qf5 22. Re2 Qf1+ 23. Kh2 Be5 24. Bf4 Bxf4 25. Rf2 Bxg3+ 26. Kxg3 Qxf2+ 27.
Kg4 Qf4# 0-1

[Event "SZCZYRK OPEN - TURNIEJ Z OKAZJI SWIETA NIEPODLEGLOSCI - BLITZ 3'+2'' "]
[Site "Szczyrk"]
[Date "2018-11-11"]
[Round "6.63"]
[White "Cwiklinski, Jacek"]
[Black "Jakubiec, Maurycy"]
[Result "0-1"]
[WhiteTitle ""]
[BlackTitle ""]
[WhiteElo "1245"]
[BlackElo "1093"]

1. e4 c5 2. Nf3 d6 3. d4 cxd4 4. Nxd4 Nf6 5. Nc3 a6 6. g3 e6 7. Bg2 Be7 8. O-O
O-O 9. Nf3 b5 10. e5 Nfd7 11. exd6 Bf6 12. Nd4 Ra7 13. Be3 Nb6 14. Nc6 Nxc6 15.
Bxc6 Bb7 16. Bxb7 Rxb7 17. Ne4 Bxb2 18. Rb1 Be5 19. Ng5 Qxd6 20. Nf3 Rd8 21. Nxe5
Nd5 22. Nf3 Nc3 23. Qxd6 Rxd6 24. Rb3 Ne2+ 25. Kg2 Rc6 26. Rd1 Rb8 27. Rd2 Nc1
28. Rb1 Nxa2 29. Rbd1 Rcc8 30. Rd7 Nc3 31. R1d3 Nd5 32. Ng5 Rf8 33. Bc5 Rfc8 34.
Bd6 Rb6 35. Be5 f6 36. Bxf6 gxf6 37. Nxh7 Rbc6 38. Rd4 R8c7 39. Rg4+ Kh8 40. Rd8+
Kxh7 41. Rh4+ Kg6 42. Rg8+ Kf5 43. Rh5+ Ke4 44. f3+ Ke3 45. Rg4 Rxc2+ 46. Kh3
f5 47. Rd4 Kxd4 0-1

[Event "SZCZYRK OPEN - TURNIEJ Z OKAZJI SWIETA NIEPODLEGLOSCI - BLITZ 3'+2'' "]
[Site "Szczyrk"]
[Date "2018-11-11"]
[Round "6.64"]
[White "Banaczyk, Piotr"]
[Black "Kotowicz, Kamil"]
[Result "1-0"]
[WhiteTitle ""]
[BlackTitle ""]
[WhiteElo "1125"]
[BlackElo "1243"]

1. e4 c6 2. d4 d5 3. exd5 cxd5 4. Bd3 e6 5. c3 Bd6 6. Nf3 Bd7 7. O-O Qb6 8. Nbd2
Nf6 9. Nb3 Ba4 10. Bg5 Bxb3 11. axb3 Nbd7 12. Qc2 Rc8 13. c4 Be7 14. c5 Qc7 15.
b4 a6 16. Rac1 h6 17. Bh4 O-O 18. Bg3 Qc6 19. Qb3 b6 20. Bxa6 Ra8 21. Be2 bxc5
22. bxc5 Rfb8 23. Qc2 Ra2 24. Rb1 Ne4 25. Bxb8 Nxb8 26. Qb3 Ra8 27. Bb5 Qc7 28.
Ra1 Rxa1 29. Rxa1 Nc6 30. Bxc6 Qxc6 31. Qb8+ Kh7 32. Ne5 Qe8 33. Qxe8 f6 34. Qg6+
Kg8 35. Ra8+ Bf8 36. Qf7+ Kh7 37. Rxf8 fxe5 38. Rg8 Ng5 39. Qxg7# 1-0

[Event "SZCZYRK OPEN - TURNIEJ Z OKAZJI SWIETA NIEPODLEGLOSCI - BLITZ 3'+2'' "]
[Site "Szczyrk"]
[Date "2018-11-11"]
[Round "6.65"]
[White "Wilgosz, Jan "]
[Black "Dumin, Karolina"]
[Result "1-0"]
[WhiteTitle ""]
[BlackTitle ""]
[WhiteElo "1242"]
[BlackElo "1078"]

1. e4 e6 2. d4 b6 3. Nf3 Bb7 4. Bd3 Bb4+ 5. c3 Be7 6. O-O g6 7. Nbd2 Bf6 8. e5
Bg7 9. Ne4 Ne7 10. Bg5 O-O 11. Nf6+ Kh8 12. Re1 Nbc6 13. Qd2 Nf5 14. Nxh7 Qe8
15. Nxf8 Bxf8 16. Bxf5 exf5 17. Bf6+ Kg8 18. Qg5 Be7 19. Qh6 Bxf6 20. exf6 Qf8
21. Qxf8+ Kxf8 22. d5 Na5 23. Rad1 Nc4 24. b3 Na3 25. Re7 Rd8 26. Ne5 d6 27. Nxf7
Rc8 28. Nh6 Nc2 29. Rd2 Na3 30. Rde2 Nb5 31. f7 a6 1-0

[Event "SZCZYRK OPEN - TURNIEJ Z OKAZJI SWIETA NIEPODLEGLOSCI - BLITZ 3'+2'' "]
[Site "Szczyrk"]
[Date "2018-11-11"]
[Round "6.66"]
[White "Sidlo, Szymon"]
[Black "Werner, Kacper "]
[Result "0-1"]
[WhiteTitle ""]
[BlackTitle ""]
[WhiteElo "1103"]
[BlackElo "1240"]

1. e4 c5 2. d4 cxd4 3. c3 Nf6 4. cxd4 Nxe4 5. Nc3 Nxc3 6. bxc3 d5 7. Nf3 e6 8.
Bb5+ Bd7 9. Bxd7+ Nxd7 10. O-O Be7 11. Qb3 Qb6 12. Qc2 O-O 13. Rb1 Qc7 14. Qb2
Rab8 15. g3 Bd6 16. Qc2 h6 17. Be3 Rfc8 18. Rbc1 b5 19. Qd2 Qa5 20. Rc2 Rb7 21.
Bf4 Bxf4 22. Qxf4 Rbc7 23. Qd6 Qb6 24. Qxb6 Nxb6 25. Rfc1 Na4 26. Ne1 0-1

[Event "SZCZYRK OPEN - TURNIEJ Z OKAZJI SWIETA NIEPODLEGLOSCI - BLITZ 3'+2'' "]
[Site "Szczyrk"]
[Date "2018-11-11"]
[Round "6.67"]
[White "Guzik, Wojciech"]
[Black "Gibas, Aleksander"]
[Result "1/2-1/2"]
[WhiteTitle ""]
[BlackTitle ""]
[WhiteElo "1224"]
[BlackElo "1032"]

1. d4 e6 2. e3 d5 3. Bd3 Nf6 4. f4 Nc6 5. c3 Bd7 6. Nf3 Be7 7. O-O Ne4 8. Nbd2
Nxd2 9. Bxd2 O-O 10. Ne5 Nxe5 11. fxe5 Bg5 12. Qh5 g6 13. Qf3 f6 14. e4 fxe5 15.
Qxf8+ Qxf8 16. Rxf8+ Rxf8 17. Bxg5 dxe4 18. Bxe4 exd4 19. cxd4 b6 20. Rf1 Re8
21. Bh6 e5 22. Bd5+ Kh8 23. dxe5 c6 24. Bb3 Bf5 25. e6 b5 26. h3 c5 27. Bd5 a5
28. g4 Bd3 29. Rf8+ Rxf8 30. Bxf8 b4 31. e7 Bb5 32. Bf7 b3 33. Bxb3 c4 34. Bc2
Kg8 35. b3 Kf7 36. bxc4 Bxc4 37. Bb3 Bxb3 38. axb3 Ke8 39. Kf2 h6 40. Ke3 h5 41.
g5 h4 42. Kd4 a4 43. bxa4 Kd7 44. Kc5 Ke8 45. a5 Kf7 46. Kb6 Ke8 47. Kb7 Kf7 48.
a6 Ke8 49. a7 Kf7 50. a8=Q Kg8 51. Bh6+ Kf7 52. e8=R 1/2-1/2

[Event "SZCZYRK OPEN - TURNIEJ Z OKAZJI SWIETA NIEPODLEGLOSCI - BLITZ 3'+2'' "]
[Site "Szczyrk"]
[Date "2018-11-11"]
[Round "6.68"]
[White "Fic, Joanna"]
[Black "Borsuk, Aleksandra "]
[Result "0-1"]
[WhiteTitle ""]
[BlackTitle ""]
[WhiteElo "1004"]
[BlackElo "1221"]

1. e4 e6 2. Nf3 d5 3. Nc3 c5 4. exd5 exd5 5. b3 d4 6. Ne2 Nf6 7. Bb2 Bg4 8. Nf4
Qe7+ 9. Be2 Bxf3 10. gxf3 Qd6 11. Nd3 b6 12. c4 Nc6 13. Qc2 Ne5 14. Nxe5 Qxe5
15. O-O-O Be7 16. Rhe1 Qxh2 17. Qd3 Qxf2 18. Rf1 Qg3 19. Rg1 Qf4 20. Rxg7 Kf8
21. Rg2 Rg8 22. Rxg8+ Kxg8 23. Kb1 Qg5 24. a3 Qg6 25. Qxg6+ fxg6 26. f4 Bd6 27.
Bf3 Re8 28. d3 Bxf4 29. Rf1 Kg7 30. Bc6 Rc8 31. Rxf4 Rxc6 32. b4 Re6 33. bxc5
bxc5 34. a4 Re1+ 35. Ka2 Rd1 36. Rf3 g5 0-1

[Event "SZCZYRK OPEN - TURNIEJ Z OKAZJI SWIETA NIEPODLEGLOSCI - BLITZ 3'+2'' "]
[Site "Szczyrk"]
[Date "2018-11-11"]
[Round "6.69"]
[White "Bohdanowicz, Nikola"]
[Black "Wozniak, Mateusz "]
[Result "0-1"]
[WhiteTitle ""]
[BlackTitle ""]
[WhiteElo "1220"]
[BlackElo "1106"]

1. d4 d5 2. c4 e6 3. Nf3 Nf6 4. Bg5 Be7 5. e3 b6 6. Nc3 dxc4 7. Bxc4 Bb7 8. O-O
Nbd7 9. Qe2 c5 10. Rfd1 cxd4 11. Rxd4 O-O 12. Rad1 Qc7 13. Bxf6 Nxf6 14. Rd7 Qc5
15. Rxb7 Bd6 16. Na4 Qc6 17. Ba6 Qxa4 18. Rxd6 Qxa2 19. Bc4 Qa1+ 20. Qf1 Qxb2
21. Rd2 Qc3 22. Rc7 Qb4 23. h3 a5 24. Ba2 Ne4 25. Re2 Nc3 26. Rc2 Nxa2 27. Rxa2
a4 28. Rcc2 a3 29. Qc1 Rfd8 30. Nd4 Qd6 31. Rc6 Qd5 32. Rxa3 Rxa3 33. Qxa3 e5
34. Rc3 exd4 35. exd4 Qxd4 36. Qb3 g6 37. Rc7 Qd1+ 38. Kh2 Qxb3 39. g3 b5 40.
Rb7 b4 41. h4 Qb2 42. Kg2 Rd2 43. Rb8+ Kg7 44. Kh3 Rxf2 45. Rb5 h5 46. g4 Rh2+
47. Kg3 Qg2+ 48. Kf4 Qxg4+ 49. Ke5 Re2+ 50. Kd6 Qe6+ 51. Kc7 Qc4+ 52. Kb6 Re6+
53. Ka5 b3 54. Rb4 Ra6# 0-1

[Event "SZCZYRK OPEN - TURNIEJ Z OKAZJI SWIETA NIEPODLEGLOSCI - BLITZ 3'+2'' "]
[Site "Szczyrk"]
[Date "2018-11-11"]
[Round "6.71"]
[White "Kowalska, Julia"]
[Black "Prawucka, Zofia"]
[Result "1-0"]
[WhiteTitle ""]
[BlackTitle ""]
[WhiteElo "1033"]
[BlackElo "1216"]

1. e4 c6 2. Nf3 d5 3. exd5 cxd5 4. Nc3 Nf6 5. Bb5+ Bd7 6. Bxd7+ Nbxd7 7. d3 e5
8. Bg5 Be7 9. O-O h6 10. Bh4 O-O 11. Bg3 Bd6 12. Re1 Re8 13. d4 exd4 14. Rxe8+
Qxe8 15. Bxd6 dxc3 16. bxc3 Ne4 17. Bb4 a5 18. Ba3 Nxc3 19. Qd3 Qc8 20. Bb2 Na4
21. Rb1 Nxb2 22. Rxb2 Nf6 23. Qb5 Ra7 24. Qb6 Qb8 25. Nd4 Qe8 26. Rb1 Qb8 27.
Nf5 Ra6 28. Qxb7 Qxb7 1-0

[Event "SZCZYRK OPEN - TURNIEJ Z OKAZJI SWIETA NIEPODLEGLOSCI - BLITZ 3'+2'' "]
[Site "Szczyrk"]
[Date "2018-11-11"]
[Round "6.72"]
[White "Walentyn, Zuzanna"]
[Black "Niedorys, Karolina "]
[Result "0-1"]
[WhiteTitle ""]
[BlackTitle ""]
[WhiteElo "1026"]
[BlackElo "1141"]

1. e4 c6 2. Nf3 d5 3. Nc3 dxe4 4. Nxe4 Bf5 5. d3 Bxe4 6. dxe4 Qxd1+ 7. Kxd1 Nf6
8. Bg5 e6 9. Bxf6 gxf6 10. Bd3 Nd7 11. Kd2 O-O-O 12. Rae1 e5 13. Kc1 Bh6+ 14.
Kb1 Rhg8 15. g3 Nc5 16. Nd2 Bxd2 17. Rd1 Nxd3 18. cxd3 Bg5 19. h4 Bh6 20. Rhf1
Rd7 21. f4 Rgd8 22. fxe5 fxe5 23. Rf3 Rf8 24. Rf5 Bg7 25. g4 f6 26. g5 fxg5 27.
Rxg5 Bf6 28. Rf5 Rdf7 29. h5 Bg7 30. Rxf7 Rxf7 31. Rg1 Bh6 32. Rg8+ Kd7 33. Ra8
a6 34. Rb8 Ke6 35. Rg8 Rg7 36. Re8+ Re7 37. Rd8 Rd7 38. Re8+ Re7 39. Rg8 Rg7 40.
Rf8 Rg1+ 41. Kc2 Rg2+ 42. Kb3 Rg7 43. Re8+ Re7 44. Rd8 Rd7 45. Rb8 Rxd3+ 46. Kc4
Rd7 47. b4 Be3 48. a4 Kd6 49. b5 cxb5+ 50. axb5 axb5+ 51. Kxb5 Kc7 52. Rh8 Rg7
53. Ra8 Rg4 54. Rf8 Rg7 55. Ka5 Rd7 56. Kb5 Rd4 57. Kc5 Rxe4+ 58. Kb5 Rd4 59.
Ka5 Rd8 60. Rf7+ Rd7 61. Rf5 Rd5+ 62. Rf7+ Rd4 63. Rf5 Rd5+ 64. Kb4 Rd4+ 65. Kc3
Rd7 66. Kc2 e4 67. Rf1 Bb6 68. Rc1 Rd6 69. Kb3+ Rc6 70. Re1 e3 71. Kb4 Re6 72.
Kc3 e2 73. Kd3 Bc5 74. Rxe2 Rxe2 75. Kxe2 Kd6 76. Kd3 b5 77. Kc3 Kd5 78. Kd3 b4
79. Kc2 Kc4 80. Kb2 Bd4+ 81. Kc2 b3+ 82. Kb1 Kc3 83. Kc1 Kd3 84. Kb1 b2 85. Ka2
Kc2 86. Ka3 b1=Q 87. Ka4 Kc3 88. Ka5 Qb6+ 89. Ka4 Qb4# 0-1

[Event "SZCZYRK OPEN - TURNIEJ Z OKAZJI SWIETA NIEPODLEGLOSCI - BLITZ 3'+2'' "]
[Site "Szczyrk"]
[Date "2018-11-11"]
[Round "6.73"]
[White "Polakiewicz, Blanka"]
[Black "Krasniewski, Piotr "]
[Result "0-1"]
[WhiteTitle ""]
[BlackTitle ""]
[WhiteElo "1134"]
[BlackElo "1062"]

1. e4 d6 2. d4 g6 3. Nf3 Bg7 4. Bc4 Nf6 5. Nc3 O-O 6. O-O c6 7. Re1 b5 8. Be2 Nfd7
9. a3 e5 10. dxe5 Nxe5 11. Nxe5 Bxe5 12. Bf3 f5 13. exf5 Bxf5 14. Be4 Qh4 15.
h3 Bxc3 16. Bd5+ Kh8 17. bxc3 Bxh3 18. Be4 Qxf2+ 19. Kh1 d5 20. Be3 Bxg2+ 21.
Bxg2 Qh4+ 22. Kg1 Nd7 23. Qd4+ Qxd4 24. Bxd4+ Kg8 25. Bh3 Nf6 26. Be6+ Kg7 27.
Rf1 Rae8 28. Bxf6+ Rxf6 29. Rxf6 Kxf6 30. Bd7 Re7 31. Bxc6 a6 32. Rf1+ Ke5 33.
Re1+ Kd6 34. Rxe7 Kxe7 35. Bxd5 Kd6 36. Bg8 h6 37. Bf7 g5 38. Bg6 Ke5 39. Be8
Kf6 40. Bc6 Ke5 41. Bb7 a5 42. Bc6 Kf4 43. Bxb5 h5 44. Be2 h4 45. c4 g4 46. Bxg4
Kxg4 47. Kh2 Kf5 48. Kh3 Ke5 49. c5 Kd5 50. Kxh4 Kxc5 51. Kg4 Kc4 52. Kf3 Kc3
53. Ke4 Kxc2 54. Kd4 Kb3 55. Kc5 a4 56. Kb5 Kxa3 57. Kc4 Kb2 58. Kb4 a3 59. Kc4
a2 60. Kd3 a1=Q 61. Kc4 Qa5 62. Kd4 Qc3+ 63. Ke4 Qd2 64. Ke5 Kc3 65. Ke4 Kc4 66.
Kf5 Qe3 67. Kg4 Qf2 68. Kg5 Kd5 69. Kg4 Ke5 70. Kg5 Qf5+ 71. Kh4 Qg6 72. Kh3 Kf4
73. Kh2 Kf3 74. Kh1 Qg2# 0-1

[Event "SZCZYRK OPEN - TURNIEJ Z OKAZJI SWIETA NIEPODLEGLOSCI - BLITZ 3'+2'' "]
[Site "Szczyrk"]
[Date "2018-11-11"]
[Round "6.74"]
[White "Zalega, Joanna "]
[Black "Seo, Ian "]
[Result "1-0"]
[WhiteTitle ""]
[BlackTitle ""]
[WhiteElo "1015"]
[BlackElo "1119"]

1. d4 d5 2. c4 dxc4 3. Nc3 Nf6 4. e4 Nc6 5. Nf3 Bg4 6. Be3 Bxf3 7. gxf3 e6 8. Bxc4
Bb4 9. a3 Bxc3+ 10. bxc3 a6 11. Bg5 h6 12. Bh4 b5 13. Bb3 a5 14. Qd3 Rb8 15. Rg1
a4 16. Ba2 g5 17. Bg3 Nh5 18. Rb1 Na7 19. Kd2 Nxg3 20. fxg3 h5 21. f4 h4 22. fxg5
Qxg5+ 23. Qe3 Qxe3+ 24. Kxe3 h3 25. Rgf1 Nc6 26. Kd3 Rh7 27. Ke3 e5 28. Bd5 exd4+
29. cxd4 Ne7 30. Ba2 Rh5 31. Rbc1 Rb7 32. Bxf7+ Kd8 33. Bxh5 Rb6 34. Rb1 c6 35.
Bg4 Rb7 36. Bxh3 Ng6 37. Bf5 Ne7 38. Rbc1 Rb6 39. h4 Rb8 40. h5 Kc7 41. h6 Rh8
42. Rh1 Kd8 43. h7 Ke8 44. g4 Kf7 45. Rcf1 Kg7 46. e5 Nd5+ 47. Ke4 Nc3+ 48. Kf4
Ne2+ 49. Kf3 Nxd4+ 50. Ke4 Nxf5 51. gxf5 Kf7 52. Rfg1 Kf8 53. Rg8+ Rxg8 54. hxg8=Q+
Kxg8 55. Rg1+ Kf7 56. Rg6 Ke7 57. Re6+ Kf7 58. Kf4 Kg7 1-0

[Event "SZCZYRK OPEN - TURNIEJ Z OKAZJI SWIETA NIEPODLEGLOSCI - BLITZ 3'+2'' "]
[Site "Szczyrk"]
[Date "2018-11-11"]
[Round "6.75"]
[White "Jaros, Emilia"]
[Black "Tomaszewski, Kamil "]
[Result "1-0"]
[WhiteTitle ""]
[BlackTitle ""]
[WhiteElo "1117"]
[BlackElo "1055"]

1. e4 e5 2. Nf3 Nc6 3. Bc4 Bc5 4. O-O Nf6 5. d3 d6 6. h3 O-O 7. Bg5 h6 8. Bh4 a6
9. a3 b5 10. Bd5 Bb7 11. Nc3 Nd4 12. Nxd4 exd4 13. Bxb7 Rb8 14. Bd5 dxc3 15. bxc3
a5 16. d4 Bb6 17. e5 dxe5 18. Bf3 e4 19. Bxe4 g5 20. Bg3 Nxe4 21. Qd3 Nxg3 22.
fxg3 c6 23. Rf3 c5 24. Rd1 cxd4 25. cxd4 Qxd4+ 26. Qxd4 Bxd4+ 27. Rxd4 b4 28.
axb4 axb4 29. Rb3 Rfe8 30. Kf2 Ra8 31. Rdxb4 Ra2 32. Rb2 Ra1 33. Rb1 Ra3 34. R4b3
Ra7 35. Re3 Rxe3 36. Kxe3 Ra3+ 37. Kf2 Ra2 38. Rc1 Kg7 39. h4 gxh4 40. gxh4 h5
41. g3 Kf6 42. Ke2 Kf5 43. Kf2 Kg4 44. Kg2 f5 45. Kh2 f4 46. gxf4 Kxf4 47. Kh3
Ra3+ 48. Kh2 Kg4 49. c3 Ra2+ 50. Kg1 Kxh4 51. c4 Kh3 52. c5 Rg2+ 53. Kf1 Rh2 54.
Kg1 h4 55. c6 Kg3 56. Rc3+ Kg4 57. c7 Re2 58. c8=Q+ Kg5 59. Rc5+ Kf4 60. Qc7+
Kg4 61. Qd7+ Kf4 62. Qd4+ Re4 63. Qd2+ Re3 64. Rc4+ Kf3 65. Qf2# 1-0

[Event "SZCZYRK OPEN - TURNIEJ Z OKAZJI SWIETA NIEPODLEGLOSCI - BLITZ 3'+2'' "]
[Site "Szczyrk"]
[Date "2018-11-11"]
[Round "6.78"]
[White "Gawlik, Olivier"]
[Black "Oklinski, Franciszek "]
[Result "0-1"]
[WhiteTitle ""]
[BlackTitle ""]
[WhiteElo "1026"]
[BlackElo "1098"]

1. e4 e5 2. Nf3 d5 3. exd5 e4 4. Nd4 Qxd5 5. Nb3 Nf6 6. Nc3 Qf5 7. d3 Bc5 8. Nxc5
Qxc5 9. dxe4 Ng4 10. Qd2 Nc6 11. h3 Nf6 12. Qd5 Nxd5 13. exd5 Nd4 14. Bd3 O-O
15. O-O Bf5 16. Bxf5 Nxf5 17. Bf4 Ne7 18. Rfe1 Nxd5 19. Nxd5 Qxd5 20. Bxc7 Rac8
21. Red1 Qc5 22. Bd6 Qxc2 23. Bxf8 Rxf8 24. Rab1 h6 25. Rdc1 Qf5 26. Ra1 Re8 27.
Kf1 Rd8 28. Rd1 Rxd1+ 29. Rxd1 Qb5+ 30. Ke1 Qxb2 31. Rd2 Qc3 32. Ke2 b5 33. Rd8+
Kh7 34. Rd3 Qc2+ 35. Rd2 Qe4+ 36. Kf1 a5 37. Re2 Qb1+ 38. Re1 Qxa2 39. Kg1 b4
40. Kf1 Qc4+ 41. Kg1 b3 42. Rb1 a4 43. Ra1 b2 44. Rb1 Qc1+ 45. Rxc1 bxc1=Q+ 46.
Kh2 a3 47. Kg3 Qc4 48. f4 a2 49. Kg4 g5 50. g3 gxf4 51. gxf4 a1=R 52. h4 Qd5 53.
f5 Ra4+ 54. Kg3 Qd3+ 55. Kh2 Ra2+ 56. Kh1 Qe2 57. Kg1 Ra1# 0-1

[Event "SZCZYRK OPEN - TURNIEJ Z OKAZJI SWIETA NIEPODLEGLOSCI - BLITZ 3'+2'' "]
[Site "Szczyrk"]
[Date "2018-11-11"]
[Round "7.1"]
[White "Sulkowski, Andrzej "]
[Black "Warakomski, Tomasz "]
[Result "0-1"]
[WhiteTitle ""]
[BlackTitle ""]
[WhiteElo "1693"]
[BlackElo "2572"]

1. d4 g6 2. c4 Bg7 3. Nf3 d6 4. Nc3 e5 5. e3 Nc6 6. Be2 f5 7. dxe5 dxe5 8. O-O
e4 9. Nd4 Nge7 10. Nxc6 Nxc6 11. Qxd8+ Nxd8 12. Nd5 Ne6 13. Rb1 c6 14. Nb4 Nc5
15. b3 Be6 16. Bb2 Bxb2 17. Rxb2 O-O-O 18. f3 a5 19. Nc2 Rd2 20. Nd4 Rxb2 0-1

[Event "SZCZYRK OPEN - TURNIEJ Z OKAZJI SWIETA NIEPODLEGLOSCI - BLITZ 3'+2'' "]
[Site "Szczyrk"]
[Date "2018-11-11"]
[Round "7.2"]
[White "Plichta, Kamil "]
[Black "Iwanczuk, Krzysztof"]
[Result "1-0"]
[WhiteTitle ""]
[BlackTitle ""]
[WhiteElo "2388"]
[BlackElo "1735"]

1. Nh3 d5 2. g3 Nf6 3. f3 c5 4. Nf2 Nc6 5. Bg2 g6 6. O-O Bg7 7. e4 e5 8. d3 O-O
9. Nc3 d4 10. Ne2 b5 11. f4 a5 12. f5 Qb6 13. g4 Re8 14. g5 Nd7 15. h4 c4 16.
f6 Bf8 17. h5 Nc5 18. Ng3 Be6 19. Bh3 c3 20. b3 a4 21. Bxe6 Rxe6 22. b4 Nxb4 23.
Kg2 Nc6 24. Rh1 Ra7 25. a3 b4 26. axb4 Nxb4 27. Ba3 Nc6 28. Rb1 Qa5 29. Qg4 Re8
30. hxg6 fxg6 31. Nf5 Ne6 32. Bxf8 Rxf8 33. Nh6+ 1-0

[Event "SZCZYRK OPEN - TURNIEJ Z OKAZJI SWIETA NIEPODLEGLOSCI - BLITZ 3'+2'' "]
[Site "Szczyrk"]
[Date "2018-11-11"]
[Round "7.3"]
[White "Jagodzinski, Mariusz "]
[Black "Jaroch, Karol"]
[Result "1-0"]
[WhiteTitle ""]
[BlackTitle ""]
[WhiteElo "1797"]
[BlackElo "2311"]

1. Nf3 e6 2. b3 Nf6 3. Bb2 d5 4. d4 Bd6 5. e3 Nbd7 6. Bd3 O-O 7. Nbd2 Re8 8. Ne5
c5 9. f4 Qc7 10. O-O a6 11. Rf3 b5 12. Rh3 h6 13. c4 bxc4 14. bxc4 cxd4 15. exd4
dxc4 16. Ndxc4 Bb7 17. Rc1 Bf8 18. Nxf7 Nc5 19. Nce5 Qb6 20. dxc5 Qxb2 21. c6
Bc8 22. Rg3 Re7 23. Nxh6+ Kh8 24. Ng6+ Kh7 25. Nxf8+ 1-0

[Event "SZCZYRK OPEN - TURNIEJ Z OKAZJI SWIETA NIEPODLEGLOSCI - BLITZ 3'+2'' "]
[Site "Szczyrk"]
[Date "2018-11-11"]
[Round "7.4"]
[White "Piotrowski, Przemyslaw "]
[Black "Szafranski, Maciej "]
[Result "1-0"]
[WhiteTitle ""]
[BlackTitle ""]
[WhiteElo "2287"]
[BlackElo "1548"]

1. d4 d5 2. Nf3 Nf6 3. g3 e6 4. Bg2 Be7 5. O-O O-O 6. c4 c6 7. Nc3 Nbd7 8. b3 b6
9. Bb2 Bb7 10. e4 dxe4 11. Ng5 c5 12. d5 exd5 13. cxd5 Nxd5 14. Ngxe4 Nxc3 15.
Bxc3 Qc7 16. Re1 Rad8 17. Qg4 Ne5 18. Bxe5 Qxe5 19. Nxc5 Qxc5 20. Bxb7 Rd2 21.
Re2 Rfd8 22. Rae1 Rxe2 23. Qxe2 Bf6 24. Ba6 h6 25. Bc4 Bc3 26. Rd1 Rxd1+ 27. Qxd1
Bd4 28. Qf3 Qe7 29. Kg2 g6 30. Qd3 Bg7 31. Qxg6 Qb7+ 32. Kg1 b5 33. Bxf7+ Qxf7
34. Qc6 1-0